000 00464nam a2200181Ia 4500
001 7997
005 20260306160536.0
008 260306t2013||||xx |||||||||||||| ||spa||
041 _aESP
082 _a370
_bM61
100 _aMinnicelli, Mercedes
_eAUT
245 0 _aCeremonias mínimas:
_buna apuesta a la educación en la era del consumo
260 _c2013
300 _a180 páginas :
_c21 cm.
650 _aGEN
654 _aCED
942 _cLIB
_dJUS
_fJUS
_2ddc
_n
999 _c7997
_d7997